[Event "4NCL/Div1/AD1 vs. WWKS"]
[Site "West Bromwich ENG"]
[Date "2004.05.01"]
[Round "7.8"]
[White "Chevannes, Sabrina"]
[Black "Bellin, Jana"]
[Result "1-0"]
[WhiteElo "2052"]
[BlackElo "2209"]
[PlyCount "101"]
[EventDate "2004.05.01"]

1. d4 Nf6 2. Nf3 e6 3. Bg5 c5 4. e3 cxd4 5. exd4 Be7 6. Nbd2 d6 7. Bd3 Nbd7 8.
O-O O-O 9. c3 Re8 10. Qe2 Nf8 11. Rfe1 Bd7 12. Bxf6 Bxf6 13. Ne4 Bc6 14. Nxf6+
Qxf6 15. Be4 Bxe4 16. Qxe4 Rab8 17. Re3 Ng6 18. Rae1 Qd8 19. Qc2 b5 20. h4 h6
21. g3 Qa5 22. a3 Ne7 23. Nd2 Qc7 24. Qe4 Nd5 25. Rf3 Rbc8 26. Qg4 Qc6 27. Qh3
Nf6 28. g4 Qd5 29. Rg3 e5 30. g5 Nh5 31. gxh6 Nxg3 32. Qxg3 g6 33. Ne4 Qe6 34.
Qg5 Kh8 35. Nf6 Red8 36. Re3 Qf5 37. Qxf5 gxf5 38. dxe5 f4 39. Re4 dxe5 40.
Rxe5 Rc6 41. Rf5 Rdd6 42. Ng4 Rg6 43. f3 a6 44. Kf1 Rc7 45. Ne5 Rg3 46. Rxf4
Rg8 47. Rf6 Ra8 48. Nxf7+ Kg8 49. Ng5 Rc4 50. Rf7 Rf8 51. h7+ 1-0

[Event "4NCL/Div1/MMNWE1 vs. RIC"]
[Site "West Bromwich ENG"]
[Date "2004.05.01"]
[Round "7.1"]
[White "Dgebuadze, Alexandre"]
[Black "Wall, Gavin"]
[Result "1-0"]
[WhiteElo "2552"]
[BlackElo "2413"]
[PlyCount "77"]
[EventDate "2004.05.01"]

1. Nf3 d6 2. c4 f5 3. Nc3 Nf6 4. b4 e5 5. d3 Nc6 6. Rb1 Be7 7. e3 a6 8. Be2 O-O
9. O-O Kh8 10. a3 Qe8 11. d4 Ne4 12. Nd5 Bd8 13. Bb2 exd4 14. Nxd4 Ne5 15. Bh5
g6 16. Be2 Kg8 17. f3 Nf6 18. Qb3 c6 19. Nxf6+ Bxf6 20. c5+ Kg7 21. e4 dxc5 22.
bxc5 f4 23. Ba1 Qe7 24. Qc2 Nd7 25. Rfc1 Rd8 26. Kh1 Be5 27. Qc3 Re8 28. Qa5
Nf6 29. Bc4 Kh6 30. Qe1 Nh5 31. Ba2 Qf6 32. Rd1 Re7 33. Ne2 Be6 34. Bxe5 Qxe5
35. Bxe6 Qxe6 36. Qd2 Qe5 37. g4 Ng7 38. Nxf4 g5 39. Qd6+ 1-0

[Event "4NCL/Div1/MMNWE1 vs. RIC"]
[Site "West Bromwich ENG"]
[Date "2004.05.01"]
[Round "7.2"]
[White "Cech, Pavel"]
[Black "Sebag, Marie"]
[Result "1/2-1/2"]
[WhiteElo "2395"]
[BlackElo "2398"]
[PlyCount "110"]
[EventDate "2004.05.01"]

1. d4 d5 2. c4 c6 3. Nc3 Nf6 4. Nf3 dxc4 5. a4 Bf5 6. Ne5 Nbd7 7. Nxc4 Qc7 8.
g3 e5 9. dxe5 Nxe5 10. Bf4 Nfd7 11. Bg2 g5 12. Ne3 gxf4 13. Nxf5 O-O-O 14. Qc2
Nc5 15. O-O Ne6 16. a5 a6 17. Ra4 Ng6 18. Rc4 Ne5 19. Ra4 fxg3 20. hxg3 h5 21.
e3 Bc5 22. Ne4 Ba7 23. Qc3 Kb8 24. Ned6 Rxd6 25. Qxe5 Rdd8 26. Qxc7+ Kxc7 27.
Rh4 Rdg8 28. Rd1 Rg5 29. Bh3 Rgg8 30. Kf1 Ng5 31. Bg2 Ne6 32. Ke2 Rg4 33. Rxg4
hxg4 34. b4 Rh5 35. Nd6 Nd4+ 36. exd4 Kxd6 37. Ke3 Re5+ 38. Kd3 Rf5 39. Rd2 Bb8
40. Kc4 Ba7 41. Be4 Rf6 42. Bc2 Kc7 43. Bd1 Rg6 44. Re2 Kd7 45. Bc2 Rf6 46. Be4
Kd6 47. Rd2 Kd7 48. Bc2 Kc7 49. Bb3 Rd6 50. Bd1 f5 51. Bc2 Rd5 52. Kc3 Kd8 53.
Bb3 Rd6 54. Bc2 Rd5 55. Bb3 Rd6 1/2-1/2

[Event "4NCL/Div1/MMNWE1 vs. RIC"]
[Site "West Bromwich ENG"]
[Date "2004.05.01"]
[Round "7.3"]
[White "Ghasi, Ameet K"]
[Black "Quinn, Mark"]
[Result "0-1"]
[WhiteElo "2344"]
[BlackElo "2400"]
[PlyCount "62"]
[EventDate "2004.05.01"]

1. Nf3 Nf6 2. g3 d5 3. Bg2 Bg4 4. O-O Nbd7 5. d3 e6 6. b3 Bd6 7. Bb2 O-O 8. c4
c6 9. Nbd2 h6 10. a3 a5 11. h3 Bh5 12. Qc2 Re8 13. Rfe1 Qb6 14. Rac1 e5 15. d4
Bg6 16. Qd1 e4 17. Nh4 e3 18. c5 exf2+ 19. Kxf2 Bxg3+ 20. Kxg3 Qc7+ 21. Kf2
Qf4+ 22. Nhf3 Ne4+ 23. Nxe4 dxe4 24. e3 Qf5 25. Kg1 Bh5 26. Nh4 Qg5 27. Qd2
Qxh4 28. d5 Ne5 29. Bxe5 Rxe5 30. d6 Bf3 31. Qf2 Qg5 0-1

[Event "4NCL/Div1/MMNWE1 vs. RIC"]
[Site "West Bromwich ENG"]
[Date "2004.05.01"]
[Round "7.4"]
[White "Bates, Richard A"]
[Black "Crouch, Colin S"]
[Result "0-1"]
[WhiteElo "2376"]
[BlackElo "2375"]
[PlyCount "62"]
[EventDate "2004.05.01"]

1. d4 Nf6 2. Nf3 b6 3. c4 Bb7 4. g3 c5 5. d5 b5 6. Bg2 bxc4 7. Ne5 d6 8. Nxc4
Nbd7 9. Nc3 g6 10. Qa4 Bg7 11. Na5 Qb6 12. Nc6 Qa6 13. Qb3 Bxc6 14. dxc6 Nb6
15. O-O O-O 16. e4 Ng4 17. Nd5 Nxd5 18. exd5 Bd4 19. Qc2 Rab8 20. h3 Ne5 21.
Rd1 e6 22. Rb1 exd5 23. Bxd5 Rfe8 24. b4 Qc8 25. Kg2 Nxc6 26. b5 Nb4 27. Rxb4
cxb4 28. Bc6 Rxb5 29. Rxd4 Rc5 30. Qxc5 dxc5 31. Rd6 Re6 0-1

[Event "4NCL/Div1/MMNWE1 vs. RIC"]
[Site "West Bromwich ENG"]
[Date "2004.05.01"]
[Round "7.5"]
[White "Hanley, Craig A"]
[Black "Webb, Laurence E"]
[Result "1/2-1/2"]
[WhiteElo "2330"]
[BlackElo "2337"]
[PlyCount "121"]
[EventDate "2004.05.01"]

1. c4 e5 2. g3 Nf6 3. Bg2 d5 4. cxd5 Nxd5 5. Nf3 Nc6 6. O-O Nb6 7. d3 Be7 8.
Nbd2 O-O 9. a3 a5 10. b3 Be6 11. Bb2 f6 12. Qc2 Qd7 13. Rfd1 Rfd8 14. Rac1 Kh8
15. Nh4 Bd5 16. Bxd5 Qxd5 17. Ndf3 Rac8 18. Nf5 Qe6 19. e4 Bf8 20. d4 exd4 21.
N3xd4 Nxd4 22. Nxd4 Qe8 23. Nf5 c5 24. Re1 c4 25. e5 fxe5 26. Rxe5 Qd7 27. Rce1
c3 28. Bc1 Nd5 29. Nd4 Nf6 30. Ne6 Qd3 31. Qxd3 Rxd3 32. R5e3 Rxe3 33. Rxe3 Kg8
34. Nxf8 Kxf8 35. Kf1 b5 36. b4 axb4 37. axb4 Kf7 38. Re5 Rd8 39. Ke2 Nd5 40.
Kd3 Rd7 41. Re1 Kf6 42. f3 h5 43. h4 Kf5 44. Rg1 Nf4+ 45. Kc2 Ne2 46. g4+ Kg6
47. gxh5+ Kxh5 48. Rg5+ Kxh4 49. Re5 Nxc1 50. Kxc1 Rf7 51. Rxb5 Rxf3 52. Kc2 g5
53. Rb8 g4 54. b5 g3 55. Rh8+ Kg4 56. Rg8+ Kh3 57. b6 Rf7 58. Kxc3 g2 59. Kc4
Rf1 60. Kd5 g1=Q 61. Rxg1 1/2-1/2

[Event "4NCL/Div1/MMNWE1 vs. RIC"]
[Site "West Bromwich ENG"]
[Date "2004.05.01"]
[Round "7.6"]
[White "Nixon, Thomas C M"]
[Black "Quillan, Gary"]
[Result "1-0"]
[WhiteElo "2199"]
[BlackElo "2308"]
[PlyCount "91"]
[EventDate "2004.05.01"]

1. d4 e6 2. c4 Nf6 3. Nf3 c5 4. d5 exd5 5. cxd5 d6 6. Nc3 g6 7. Nd2 Nbd7 8. a4
Bg7 9. g3 O-O 10. Bg2 Re8 11. O-O a6 12. Qb3 Ne5 13. f4 Neg4 14. Nc4 Nh5 15. e3
Bf5 16. Bf3 Ngf6 17. Qd1 Bh3 18. g4 Bxf1 19. Kxf1 Nxg4 20. Bxg4 Qh4 21. Bxh5
gxh5 22. Nxd6 Red8 23. Nxb7 Qh3+ 24. Kg1 Rd7 25. Nxc5 Rd6 26. Kh1 Bxc3 27. bxc3
Rxd5 28. Nd3 Qf5 29. Qg1+ Kh8 30. Nf2 Rg8 31. Qf1 Qc2 32. h3 Rgd8 33. c4 R5d6
34. c5 R6d7 35. c6 Qxc6+ 36. Kh2 f6 37. Bb2 Rd6 38. Rc1 Qb6 39. Bd4 Qb7 40. Qg2
Qd7 41. Ne4 Rxd4 42. exd4 Qxd4 43. Rg1 f5 44. Ng5 Qxf4+ 45. Kh1 Qc4 46. Ne6 1-0

[Event "4NCL/Div1/MMNWE1 vs. RIC"]
[Site "West Bromwich ENG"]
[Date "2004.05.01"]
[Round "7.7"]
[White "Kennaugh, Charles W"]
[Black "Franklin, Michael J"]
[Result "1/2-1/2"]
[WhiteElo "2290"]
[BlackElo "2224"]
[PlyCount "62"]
[EventDate "2004.05.01"]

1. e4 c5 2. Nf3 a6 3. b4 cxb4 4. a3 d5 5. exd5 Nf6 6. axb4 Nxd5 7. Bc4 e6 8. b5
Be7 9. d4 O-O 10. O-O Nb6 11. Bd3 axb5 12. Rxa8 Nxa8 13. Bxb5 Nc7 14. Bd3 Nc6
15. Re1 Nd5 16. c3 Qa5 17. Qb3 Bf6 18. Bd2 Qb6 19. Qc2 h6 20. Na3 Rd8 21. Nc4
Qc7 22. Qb3 Be7 23. Rb1 Nf4 24. Be4 Nd5 25. Nfe5 Nxe5 26. Nxe5 Bg5 27. Be1 Bf6
28. Nd3 Be7 29. Bf3 Rd6 30. Bxd5 Rxd5 31. Bd2 Bd6 1/2-1/2

[Event "4NCL/Div1/MMNWE1 vs. RIC"]
[Site "West Bromwich ENG"]
[Date "2004.05.01"]
[Round "7.8"]
[White "Wilson, Alexandra"]
[Black "Hughes, Howard R"]
[Result "0-1"]
[WhiteElo "2021"]
[BlackElo "2212"]
[PlyCount "38"]
[EventDate "2004.05.01"]

1. e4 d5 2. exd5 Qxd5 3. Nf3 Bg4 4. Be2 Nc6 5. Nc3 Qd7 6. O-O Nf6 7. a3 O-O-O
8. b4 e6 9. b5 Nd4 10. Nxd4 Qxd4 11. Rb1 Bd6 12. a4 Bxe2 13. Qxe2 Bxh2+ 14. Kh1
Qh4 15. g3 Bxg3+ 16. Kg2 Qh2+ 17. Kf3 Be5 18. Qc4 Rd4 19. Qc5 Qh5+ 0-1

[Event "4NCL/Div1/BET vs. BAR2"]
[Site "West Bromwich ENG"]
[Date "2004.05.01"]
[Round "7.1"]
[White "Pert, Nicholas"]
[Black "Taylor, Martin R"]
[Result "0-1"]
[WhiteElo "2499"]
[BlackElo "2332"]
[PlyCount "94"]
[EventDate "2004.05.01"]

1. d4 d5 2. c4 e6 3. Nf3 Nf6 4. e3 Nbd7 5. Nbd2 Be7 6. b3 O-O 7. Bb2 c5 8. cxd5
exd5 9. dxc5 Nxc5 10. Be2 Bf5 11. O-O h6 12. Ne5 Bd6 {(=)} 13. Ndf3 Qe7 14. Rc1
a6 15. Nd3 Nce4 16. Be5 Rac8 17. Bxd6 Qxd6 18. Nd4 Bh7 19. Qe1 Qa3 20. Qb4 {(=)
} 20... Qxb4 21. Nxb4 Nc3 22. Bf3 a5 23. Rxc3 Rxc3 24. Nxd5 Nxd5 25. Bxd5 b6
26. a4 Rfc8 27. h3 Bd3 28. Re1 R8c5 29. Bf3 Bc2 30. Nxc2 Rxc2 31. Rd1 Rc1 32.
Rxc1 Rxc1+ 33. Kh2 Rc2 34. Kg3 Rd2 35. Be4 Kf8 36. Kf3 Ke7 37. g4 Kd6 38. h4
Rb2 39. Bd3 Rxb3 40. Bc4 Rb4 41. Bxf7 Rxa4 42. Kg3 Rb4 43. f4 a4 44. g5 Ke7 45.
Bd5 a3 46. e4 Rxe4 47. Bxe4 a2 0-1

[Event "4NCL/Div1/BET vs. BAR2"]
[Site "West Bromwich ENG"]
[Date "2004.05.01"]
[Round "7.2"]
[White "Berry, Neil"]
[Black "Pert, Richard G"]
[Result "1/2-1/2"]
[WhiteElo "2268"]
[BlackElo "2424"]
[PlyCount "67"]
[EventDate "2004.05.01"]

1. d4 Nf6 2. c4 e6 3. Nc3 Bb4 4. e3 O-O 5. Bd3 c5 6. Nge2 Nc6 7. O-O d6 8. d5
Ne7 9. e4 e5 10. Ng3 Bxc3 11. bxc3 h6 12. f3 Bd7 13. Nf5 Nxf5 14. exf5 b5 15.
cxb5 Nxd5 16. c4 Nb6 17. a4 Qf6 18. Be4 Nxc4 19. Bxa8 Rxa8 20. Qd5 Nb6 21. Qb7
Bc8 22. Qc7 Bxf5 23. a5 Nc4 24. Ra4 Bd3 25. Qb7 Re8 26. Qd5 e4 27. Rxc4 Bxf1
28. Kxf1 exf3 29. Qxf3 Qe6 30. Qc3 Qe2+ {(=)} 31. Kg1 Qd1+ 32. Kf2 Qe2+ 33. Kg1
Qd1+ 34. Kf2 1/2-1/2

[Event "4NCL/Div1/BET vs. BAR2"]
[Site "West Bromwich ENG"]
[Date "2004.05.01"]
[Round "7.3"]
[White "Ledger, Andrew J"]
[Black "Woodward, Timothy D M"]
[Result "1-0"]
[WhiteElo "2443"]
[BlackElo "2343"]
[PlyCount "63"]
[EventDate "2004.05.01"]

1. d4 d5 2. c4 c6 3. Nc3 Nf6 4. e3 a6 5. Nf3 e6 6. Ne5 Bd6 7. f4 c5 8. cxd5
exd5 9. Be2 O-O 10. Bf3 cxd4 11. exd4 Nc6 12. Be3 Bc7 13. O-O Re8 14. Qd3 Bb6
15. Rad1 g6 16. Qe2 Be6 17. g4 Qc8 18. g5 Ne4 19. Bxe4 dxe4 20. Nxe4 Nxe5 21.
fxe5 Bc4 22. Nf6+ Kh8 23. Qf3 Bxf1 24. Nxe8 Qxe8 25. Rxf1 Qd7 26. Kh1 Kg8 27.
Qe4 Rd8 28. Rf6 Bc7 29. e6 fxe6 30. Rxe6 Rf8 31. d5 Qb5 32. Rxg6+ 1-0

[Event "4NCL/Div1/BET vs. BAR2"]
[Site "West Bromwich ENG"]
[Date "2004.05.01"]
[Round "7.4"]
[White "Rogers, Jonathan W"]
[Black "Hunt, Adam C"]
[Result "0-1"]
[WhiteElo "2338"]
[BlackElo "2411"]
[PlyCount "86"]
[EventDate "2004.05.01"]

1. d4 Nf6 2. Nf3 g6 3. Bg5 Bg7 4. Nbd2 O-O 5. e4 d5 6. Bxf6 Bxf6 7. exd5 Qxd5
8. Bc4 Qd8 9. Ne4 Bg7 10. c3 Nd7 11. O-O Nf6 12. Qe2 Nd5 13. Ne5 c6 14. Rfe1
Qc7 15. Ng3 Be6 16. Bb3 a5 17. Nd3 Rfe8 18. Qd2 {(=)} 18... a4 19. Bc4 b5 20.
Bxd5 Bxd5 21. Qf4 Qxf4 22. Nxf4 Bc4 23. Ne4 Bh6 24. Ne2 Rad8 25. g3 f5 26. Nc5
e5 27. b3 axb3 28. axb3 Bd5 29. f4 exd4 30. Nxd4 Bg7 31. Rxe8+ Rxe8 32. Kf2 b4
33. Re1 Rxe1 34. Kxe1 bxc3 35. Ne2 Kf7 36. b4 Bc4 37. Nc1 Bd4 38. N1d3 Ke7 39.
Kd1 Kd6 40. Nb7+ Kd5 41. Kc2 Bb5 42. Ne5 Ba4+ 43. Kd3 c2 0-1

[Event "4NCL/Div1/BET vs. BAR2"]
[Site "West Bromwich ENG"]
[Date "2004.05.01"]
[Round "7.5"]
[White "Williams, Simon K"]
[Black "Pritchett, Craig W"]
[Result "1/2-1/2"]
[WhiteElo "2411"]
[BlackElo "2296"]
[PlyCount "52"]
[EventDate "2004.05.01"]

1. d4 Nf6 2. c4 e6 3. Nf3 Bb4+ 4. Nbd2 b6 5. a3 Bxd2+ 6. Bxd2 h6 7. g4 Bb7 8.
Rg1 d6 9. g5 hxg5 10. Bxg5 Nbd7 11. h4 c5 12. dxc5 Nxc5 13. Nd4 Qd7 14. f3 e5
15. Nb5 d5 16. b4 Ne6 17. Bxf6 gxf6 18. cxd5 Bxd5 19. e4 Bc6 20. Nd6+ Kf8 21.
Nf5 Nd4 22. Nxd4 exd4 23. b5 Bxb5 24. Bxb5 Qxb5 25. Qxd4 Ke7 26. Rc1 Rac8
1/2-1/2

[Event "4NCL/Div1/BET vs. BAR2"]
[Site "West Bromwich ENG"]
[Date "2004.05.01"]
[Round "7.6"]
[White "Cox, John J"]
[Black "Ansell, Simon"]
[Result "0-1"]
[WhiteElo "2321"]
[BlackElo "2371"]
[PlyCount "84"]
[EventDate "2004.05.01"]

1. c4 e5 2. Nc3 d6 3. g3 Be7 4. Bg2 f5 5. d3 Nf6 6. Nf3 O-O 7. O-O Qe8 8. b4
Nc6 9. b5 Nd8 10. a4 a5 11. bxa6 Rxa6 12. Nb5 Ne6 13. c5 d5 14. Nxe5 Bxc5 15.
Ba3 Bxa3 16. Rxa3 c6 17. Nc3 f4 18. d4 fxg3 19. hxg3 Ng5 20. f4 Nh3+ 21. Bxh3
Bxh3 22. Rf2 Ng4 23. Nxg4 Bxg4 24. Qd2 Rf6 25. Rb3 Rh6 26. Rh2 Rxh2 27. Kxh2 c5
28. dxc5 Rh6+ 29. Kg1 Be6 30. Rb1 Qh5 31. Kf2 Qh2+ 32. Kf3 Bg4+ 33. Ke3 Qxg3+
34. Kd4 Qh4 35. Qe3 Re6 36. Qc1 Qf6+ 37. Kxd5 Re7 38. Kc4 Bxe2+ 39. Nxe2 Rxe2
40. Rxb7 Qa6+ 41. Rb5 Qxa4+ 42. Rb4 Re4+ 0-1

[Event "4NCL/Div1/BET vs. BAR2"]
[Site "West Bromwich ENG"]
[Date "2004.05.01"]
[Round "7.7"]
[White "Ledger, David J"]
[Black "Dishman, Stephen"]
[Result "1-0"]
[WhiteElo "2289"]
[BlackElo "2317"]
[PlyCount "89"]
[EventDate "2004.05.01"]

1. e4 c5 2. Nc3 Nc6 3. g3 g6 4. d3 Bg7 5. Be3 d6 6. Qd2 e5 7. Bg2 Nf6 8. Bh6
O-O 9. Bxg7 Kxg7 10. f4 exf4 11. Nge2 fxg3 12. hxg3 h5 13. O-O-O Bg4 14. Rhf1
Rb8 15. Rf2 b5 16. Rdf1 Nh7 17. Kb1 b4 18. Nd5 Bxe2 19. Qxe2 Nd4 20. Qe1 Qg5
21. Bh3 a5 22. Ne3 a4 23. g4 h4 24. Rg1 Kh8 25. Nc4 Nb5 26. Bg2 a3 27. e5 axb2
28. Kxb2 dxe5 29. Nxe5 f6 30. Nd7 Qxg4 31. Nxf8 Qd4+ 32. Kc1 Rxf8 33. Be4 f5
34. Rxg6 fxe4 35. Rxf8+ Nxf8 36. Qxh4+ Nh7 37. Qg3 Qa1+ 38. Kd2 Qc3+ 39. Kc1
Qa1+ 40. Kd2 Qc3+ 41. Kd1 Qa1+ 42. Ke2 exd3+ 43. Kf2 Qd4+ 44. Kf1 Nf6 45. Qh3+
1-0

[Event "4NCL/Div1/BAR1 vs. SLO1"]
[Site "West Bromwich ENG"]
[Date "2004.05.01"]
[Round "7.1"]
[White "Parker, Jonathan"]
[Black "Spraggett, Kevin"]
[Result "1/2-1/2"]
[WhiteElo "2541"]
[BlackElo "2564"]
[PlyCount "121"]
[EventDate "2004.05.01"]

1. d4 d5 2. c4 e6 3. Nc3 Be7 4. cxd5 exd5 5. Bf4 c6 6. e3 Bf5 7. g4 Be6 8. h3
Nf6 9. Bg2 Nfd7 10. Bg3 h5 11. Nge2 g5 12. f3 Na6 13. Nc1 Nb6 14. Nd3 Bd6 15.
Bf2 Qe7 16. Qe2 hxg4 17. hxg4 Rxh1+ 18. Bxh1 Nb4 19. O-O-O Nxd3+ 20. Qxd3 O-O-O
21. Bg2 Rh8 22. Bg1 Kb8 23. Qd2 Rf8 24. Kb1 f5 25. gxf5 Bxf5+ 26. e4 Bg6 27.
Ka1 dxe4 28. fxe4 Nd5 29. Bh1 Qh7 30. Qg2 Nf4 31. Qh2 Qxh2 32. Bxh2 Rh8 33. Bg3
Bc7 34. Rf1 Bf7 35. Bf3 Be6 36. d5 cxd5 37. exd5 Bf5 38. Bxf4 Bxf4 39. Be4 Bd7
40. Rh1 Re8 41. Rh7 Bc8 42. Rf7 Bd2 43. Bb1 Rd8 44. Bf5 Bxc3 45. bxc3 Rxd5 46.
Bxc8 Kxc8 47. Rg7 Ra5 48. c4 b6 49. c5 Rxc5 50. Rxa7 Rc7 51. Ra8+ Kd7 52. Rg8
Rc5 53. a4 Ke7 54. Rg6 Ra5 55. Kb2 Kf7 56. Rxb6 Rxa4 57. Kc3 Re4 58. Kd3 Re5
59. Rc6 Kg7 60. Rb6 Re7 61. Rc6 1/2-1/2

[Event "4NCL/Div1/BAR1 vs. SLO1"]
[Site "West Bromwich ENG"]
[Date "2004.05.01"]
[Round "7.2"]
[White "Wells, Peter K"]
[Black "Kelly, Brian"]
[Result "0-1"]
[WhiteElo "2507"]
[BlackElo "2499"]
[PlyCount "56"]
[EventDate "2004.05.01"]

1. d4 d5 2. c4 c6 3. Nc3 Nf6 4. e3 a6 5. Nf3 b5 6. b3 Bg4 7. Be2 e6 8. O-O Nbd7
9. h3 Bh5 10. Ne5 Bxe2 11. Nxe2 dxc4 12. Nxd7 Qxd7 13. bxc4 bxc4 14. Qc2 Be7
15. Qxc4 O-O 16. a4 Qd5 17. Qc2 Rfc8 18. Ba3 Bxa3 19. Rxa3 c5 20. Rc3 Ne4 21.
Nf4 Qb7 22. Rb3 cxd4 23. Qd3 Qc6 24. Qxd4 e5 25. Qxe5 Nd2 26. Nd5 Re8 27. Rb8
Raxb8 28. Qxb8 Kh8 0-1

[Event "4NCL/Div1/BAR1 vs. SLO1"]
[Site "West Bromwich ENG"]
[Date "2004.05.01"]
[Round "7.3"]
[White "Palliser, Richard"]
[Black "McNab, Colin A"]
[Result "1/2-1/2"]
[WhiteElo "2399"]
[BlackElo "2422"]
[PlyCount "23"]
[EventDate "2004.05.01"]

1. d4 d6 2. Nf3 g6 3. c4 Nd7 4. Nc3 e5 5. e4 Bg7 6. Be2 Ngf6 7. Be3 b6 8. dxe5
dxe5 9. c5 Bb7 10. Qa4 c6 11. Rd1 Qe7 12. cxb6 1/2-1/2

[Event "4NCL/Div1/BAR1 vs. SLO1"]
[Site "West Bromwich ENG"]
[Date "2004.05.01"]
[Round "7.4"]
[White "Shaw, John"]
[Black "Collinson, Adam"]
[Result "1/2-1/2"]
[WhiteElo "2444"]
[BlackElo "2391"]
[PlyCount "96"]
[EventDate "2004.05.01"]

1. e4 c5 2. Nf3 d6 3. Bb5+ Nd7 4. d4 Ngf6 5. Nc3 cxd4 6. Qxd4 e5 7. Qd3 h6 8.
Be3 Be7 9. Bc4 a6 10. a4 Qc7 11. O-O Nc5 12. Bxc5 Qxc5 13. Nd5 Nxd5 14. Bxd5
O-O 15. Ra3 Rb8 16. Rc3 Qa5 17. Qc4 Bd8 18. Ra1 Bd7 19. b4 Qb6 20. a5 Qa7 21.
Qd3 Rc8 22. Rxc8 Bxc8 23. Nd2 b6 24. Nc4 bxa5 25. bxa5 Bc7 26. Qa3 Qd4 27. c3
Qd3 28. Re1 Bd7 29. Qc1 Ba4 30. Qa1 Bb5 31. Nb2 Qxc3 32. Nc4 Qxa1 33. Rxa1 Rb8
34. Rb1 g6 35. f3 Kf8 36. Kf2 Ke7 37. g4 Bxc4 38. Rxb8 Bxd5 39. Rc8 Kd7 40.
Rxc7+ Kxc7 41. exd5 Kd7 42. h4 Ke7 43. Ke3 Kf6 44. Ke4 Kg7 45. Ke3 f6 46. Kd3
g5 47. h5 f5 48. gxf5 Kf6 1/2-1/2

[Event "4NCL/Div1/BAR1 vs. SLO1"]
[Site "West Bromwich ENG"]
[Date "2004.05.01"]
[Round "7.5"]
[White "Ferguson, Mark"]
[Black "Houska, Jovanka"]
[Result "1/2-1/2"]
[WhiteElo "2381"]
[BlackElo "2390"]
[PlyCount "102"]
[EventDate "2004.05.01"]

1. e4 c6 2. d4 d5 3. e5 Bf5 4. Nf3 e6 5. Be2 Nd7 6. O-O Bg6 7. c3 Ne7 8. Nh4 c5
9. Nd2 Rc8 10. Nxg6 hxg6 11. Nf3 cxd4 12. cxd4 Nc6 13. Bg5 Be7 14. Bxe7 Qxe7
15. Qd2 O-O 16. Rac1 Rc7 17. Rc3 Rfc8 18. Rfc1 a6 19. a3 Nf8 20. Qc2 Nd7 21. h4
Nb6 22. g3 Na8 23. Qd2 Na5 24. Rxc7 Rxc7 25. Rxc7 Qxc7 26. Kg2 Nc4 27. Bxc4
dxc4 28. d5 exd5 29. Qxd5 Nb6 30. Qe4 Qd7 31. e6 fxe6 32. Qxg6 Qc6 33. h5 Kf8
34. h6 gxh6 35. Qxh6+ Ke7 36. Qg7+ Kd8 37. Qf8+ Kc7 38. Kg1 Nd7 39. Qf4+ Kc8
40. Ng5 b5 41. Qf7 e5 42. Ne6 Qd6 43. Qe8+ Kb7 44. g4 e4 45. Kg2 Ne5 46. Nd8+
Kb6 47. Nf7 Nxf7 48. Qxf7 Qe5 49. Qf8 e3 50. Qd8+ Kc5 51. Qc8+ Kb6 1/2-1/2

[Event "4NCL/Div1/BAR1 vs. SLO1"]
[Site "West Bromwich ENG"]
[Date "2004.05.01"]
[Round "7.6"]
[White "Dearing, Eddie"]
[Black "Knott, Simon"]
[Result "1/2-1/2"]
[WhiteElo "2378"]
[BlackElo "2361"]
[PlyCount "44"]
[EventDate "2004.05.01"]

1. d4 Nf6 2. c4 g6 3. Nc3 d5 4. Bg5 Ne4 5. Bh4 c5 6. cxd5 Nxc3 7. bxc3 Qxd5 8.
e3 cxd4 9. cxd4 e5 10. Rb1 Nc6 11. Bf6 Qa5+ 12. Qd2 Bb4 13. Rxb4 Nxb4 14. Bxh8
Bg4 15. Nf3 Bxf3 16. gxf3 Rc8 17. Bc4 Rxc4 18. O-O Qxa2 19. Qd1 Qc2 20. Qa1 Qa2
21. Qd1 Qc2 22. Qa1 Qa2 1/2-1/2

[Event "4NCL/Div1/BAR1 vs. SLO1"]
[Site "West Bromwich ENG"]
[Date "2004.05.01"]
[Round "7.7"]
[White "Trent, Lawrence"]
[Black "Howell, David W L"]
[Result "1-0"]
[WhiteElo "2373"]
[BlackElo "2332"]
[PlyCount "55"]
[EventDate "2004.05.01"]

1. d4 Nf6 2. Bg5 Ne4 3. Bf4 c5 4. f3 Qa5+ 5. c3 Nf6 6. d5 Qb6 7. Bc1 e6 8. c4
Qb4+ 9. Bd2 Qxb2 10. Nc3 Qb6 11. e4 e5 12. f4 exf4 13. e5 Ng8 14. d6 Qd8 15.
Bxf4 g6 16. Nd5 Na6 17. Qd2 Bh6 18. Nf3 Bxf4 19. Qxf4 Kf8 20. Bd3 Nb4 21. Nxb4
cxb4 22. O-O Qe8 23. Qd4 h6 24. Bxg6 fxg6 25. Ng5+ Nf6 26. Rxf6+ Kg7 27. Rf7+
Kg8 28. e6 1-0

[Event "4NCL/Div1/BAR1 vs. SLO1"]
[Site "West Bromwich ENG"]
[Date "2004.05.01"]
[Round "7.8"]
[White "Smith, Andrew P"]
[Black "Lauterbach, Ingrid"]
[Result "0-1"]
[WhiteElo "2202"]
[BlackElo "2171"]
[PlyCount "118"]
[EventDate "2004.05.01"]

1. e4 c5 2. Nf3 d6 3. d4 cxd4 4. Nxd4 Nf6 5. Nc3 a6 6. Bg5 e6 7. Be2 Be7 8. Qd3
Nc6 9. Nxc6 bxc6 10. O-O Bb7 11. Rad1 Qc7 12. Qg3 c5 13. Bf4 e5 14. Bc1 Nxe4
15. Nxe4 Bxe4 16. Qxg7 Rf8 17. Qg3 Bxc2 18. Rde1 Kd7 19. Bh6 Rg8 20. Qh3+ Ke8
21. Bc4 Qb7 22. Re3 Be4 23. Rg3 Rxg3 24. Qxg3 Bd5 25. Bd3 e4 26. Bc2 Kd7 27.
Rd1 Kc7 28. Be3 Qc6 29. Qg7 Rb8 30. h3 Be6 31. Qxh7 Rxb2 32. Bxe4 Qa4 33. Ra1
Rxa2 34. Rxa2 Qxa2 35. Qh8 d5 36. Bf4+ Bd6 37. Bxd6+ Kxd6 38. Qd8+ Kc6 39. Qa8+
Kb5 40. Qb8+ Kc4 41. Bf3 Qa1+ 42. Kh2 Qe1 43. Qb2 Qc3 44. Qe2+ Kb3 45. Qxa6
Qe5+ 46. g3 d4 47. Qb5+ Kc2 48. Qa4+ Bb3 49. Qa1 Kd2 50. Qa5+ Kc2 51. Qa1 Kd3
52. Qa5 f6 53. Qa3 Kc2 54. Qa1 Kd2 55. Qa5+ Kd3 56. Qa3 c4 57. Qc1 c3 58. Qf1+
Kd2 59. Qb1 c2 {time} 0-1

[Event "4NCL/Div1/3CS1 vs. WGR1"]
[Site "West Bromwich ENG"]
[Date "2004.05.01"]
[Round "7.1"]
[White "Davies, Nigel R"]
[Black "Lalic, Bogdan"]
[Result "1/2-1/2"]
[WhiteElo "2512"]
[BlackElo "2535"]
[PlyCount "37"]
[EventDate "2004.05.01"]

1. c4 Nf6 2. Nf3 e6 3. g3 d5 4. Bg2 Be7 5. O-O O-O 6. b3 c5 7. Bb2 Nc6 8. e3 b6
9. Nc3 Bb7 10. cxd5 Nxd5 11. Nxd5 Qxd5 12. d4 Na5 13. dxc5 Bxc5 14. Qxd5 Bxd5
15. Ne5 Rfd8 16. Rfd1 Bxg2 17. Kxg2 f6 18. Nd3 Be7 19. Rac1 1/2-1/2

[Event "4NCL/Div1/3CS1 vs. WGR1"]
[Site "West Bromwich ENG"]
[Date "2004.05.01"]
[Round "7.3"]
[White "Ashton, Adam G"]
[Black "Baburin, Alexander"]
[Result "1/2-1/2"]
[WhiteElo "2249"]
[BlackElo "2548"]
[PlyCount "66"]
[EventDate "2004.05.01"]

1. e4 Nf6 2. Nc3 d5 3. exd5 Nxd5 4. Bc4 Nxc3 5. Qf3 e6 6. Qxc3 Qf6 7. Qxf6 gxf6
8. Nf3 b6 9. Bb5+ c6 10. Be2 Bb7 11. b3 Rg8 12. g3 c5 13. Bb2 Bg7 14. O-O-O Nc6
15. Rhe1 O-O-O 16. d4 Nb4 17. a3 Nd5 18. dxc5 bxc5 19. Nd2 f5 20. Bxg7 Rxg7 21.
Nc4 Nc3 22. Nd6+ Kc7 23. Nxb7 Nxe2+ 24. Rxe2 Rxd1+ 25. Kxd1 Kxb7 26. Rd2 Kc7
27. Ke2 Rg4 28. f3 Rg8 29. Ke3 f6 30. Kf4 {(=)} 30... Rg5 31. Rd3 e5+ 32. Ke3
Rg8 33. Rc3 Kd6 1/2-1/2

[Event "4NCL/Div1/3CS1 vs. WGR1"]
[Site "West Bromwich ENG"]
[Date "2004.05.01"]
[Round "7.4"]
[White "Ward, Christopher"]
[Black "Gordon, Stephen J"]
[Result "1/2-1/2"]
[WhiteElo "2500"]
[BlackElo "2284"]
[PlyCount "54"]
[EventDate "2004.05.01"]

1. c4 e6 2. Nc3 b6 3. e4 c5 4. g3 Bb7 5. Bg2 a6 6. Nge2 Qc7 7. O-O Nf6 8. d3
Be7 9. h3 O-O 10. f4 h6 11. b3 d6 12. Be3 Nbd7 13. Qd2 Rad8 14. f5 Qc8 15. Nf4
Ne5 16. g4 g5 17. fxg6 fxg6 18. d4 cxd4 19. Bxd4 g5 20. Nfe2 Nfd7 21. Ng3 Rxf1+
22. Rxf1 Rf8 23. Qe3 Rxf1+ 24. Bxf1 Qc6 25. Nh5 Nc5 26. Bg2 Ncd7 27. Bf1 Nc5
1/2-1/2

[Event "4NCL/Div1/3CS1 vs. WGR1"]
[Site "West Bromwich ENG"]
[Date "2004.05.01"]
[Round "7.5"]
[White "Juanoobi, Ali"]
[Black "Turner, Matthew J"]
[Result "0-1"]
[WhiteElo "2264"]
[BlackElo "2506"]
[PlyCount "74"]
[EventDate "2004.05.01"]

1. d4 Nf6 2. c4 e6 3. Nf3 b6 4. g3 Ba6 5. Qa4 c5 6. Bg2 Bb7 7. O-O cxd4 8. Nxd4
Qc8 9. Nc3 Bc5 10. Rd1 O-O 11. h3 Bxg2 12. Kxg2 Nc6 13. Nxc6 Qxc6+ 14. Qxc6
dxc6 15. Bg5 Rfd8 16. Rxd8+ Rxd8 17. Rd1 Rxd1 18. Nxd1 Ne4 19. Be3 Bxe3 20.
Nxe3 f5 21. f3 Nd6 22. Kf2 Kf7 23. b3 Kf6 24. Nc2 c5 25. Ke3 g5 26. Kd3 h5 27.
Ne1 e5 28. e4 g4 29. hxg4 hxg4 30. exf5 gxf3 31. Ke3 e4 32. g4 Kg5 33. Nxf3+
exf3 34. Kxf3 a6 35. a3 b5 36. cxb5 axb5 37. a4 c4 0-1